00390nam a2200097Ia 4500008004100000020001800041100002800059245011400087260007100201300002000272180205s9999 xx 000 0 und d a9789715066471 aBaluyut, Perlie Rose S. aInstitutions and icons of patronage :barts and culture in the Philippines during the Marcos years, 1965-1986 aEspaña, ManilabUniversity of Santo tomas publishing housec2012 aviii, 175 pages